| 000 | 00589nam a2200229Ia 4500 | ||
|---|---|---|---|
| 999 |
_c16675 _d16675 |
||
| 003 | GCL | ||
| 005 | 20240530100333.0 | ||
| 008 | 140319s9999 xx 000 0 eng d | ||
| 020 | _a0713635908 | ||
| 040 |
_aGCL / _cGCL |
||
| 082 | 0 | 4 |
_a910.202/ _bCC/W E _221 |
| 100 | 1 | _aWilliams , Vectoria Seton | |
| 245 | 1 | 0 |
_a: EGYPT _bBLUE GUIDE/ _cWilliams , Vectoria Seton |
| 260 |
_alondon : _bA AND C BLACK LIMITED ، _c1993 |
||
| 300 |
_a762 P ; _c16 cm |
||
| 650 | 0 | 4 | _aMAPS |
| 650 | 0 | 4 | _aHISTOLOGY |
| 650 | 0 | 4 | _aEGYPT |
| 650 | 0 | 4 | _aCAIRO |
| 700 | 1 | _aSTOCKS , PETER | |
| 942 |
_2ddc _cBK |
||